Príčiny vzniku metódy Activity Based Costing (metóda ABC)

Vysvetlenie pojmu Activity Based Costing. Metóda ABC - určená na presnejšie rozvrhovanie nepriamych nákladov. Podnety pre vznik tejto novej metódy. Hlavná myšlienka metódy ABC.

Salvato in:
Dettagli Bibliografici
Autore principale: Tóth, Miroslav, 1961-
Natura: Capitolo di libro
Lingua:slovacco
Soggetti:
Tags: Aggiungi Tag
Nessun Tag, puoi essere il primo ad aggiungerne!!

MARC

LEADER 00000nla$a2200000$$$4500
001 0084180
005 20240502083223.1
041 0 |a slo 
044 |a CZ 
245 1 0 |a Príčiny vzniku metódy Activity Based Costing (metóda ABC)  |c Miroslav Tóth 
520 |a Vysvetlenie pojmu Activity Based Costing. Metóda ABC - určená na presnejšie rozvrhovanie nepriamych nákladov. Podnety pre vznik tejto novej metódy. Hlavná myšlienka metódy ABC. 
610 2 0 |a metóda ABC 
610 2 0 |a náklady 
610 2 0 |a kalkulácia nákladov 
610 2 0 |a metódy kalkulačné 
100 1 |a Tóth, Miroslav, 1961-